Verfolge die Küste Afrika-Eurasiens auf einer Karte - Statistiken

Allgemein
  • Dieses Quiz wurde 188 mal gespielt
  • Das Durchschnittsergebnis liegt bei 51 aus 105
Antworten auf der Karte
Die Antworten werden auf der Karte rot bzw. grün angezeigt, abhängig davon wie oft sie richtig erraten wurden.
 
Antwortstatistiken
Länder % Korrekt
Russland (Asiatische Arktis)
100%
Nordkorea (Japanisches Meer)
80%
Südkorea
79%
China
66%
Kambodscha
66%
Nordkorea (Gelbes Meer)
66%
Thailand (Golf von Thailand)
66%
Vietnam
66%
Bangladesch
61%
Indien
61%
Irak
61%
Iran
61%
Myanmar
61%
Pakistan
61%
Saudi Arabien (Nord Persicher Gold)
61%
Katar
60%
Malaysia
60%
Thailand (Andaman-See)
60%
Kuwait
59%
Saudi Arabien (Süd Perisches Gold)
59%
Jemen
56%
Oman (Straße von Hormuz)
56%
Saudi Arabien (Roter Meer)
56%
Ägypten (Rotes Meer)
54%
Oman (Arabisches Meer)
54%
Vereinigte Arabische Emirate (Persischer Gofl)
54%
Israel (Golf von Akaba)
53%
Jordanien
53%
Vereinigte Arabische Emirate (Arabisches Meer)
53%
Eritrea
50%
Somalia
50%
Kenia
49%
Mosambik
49%
Namibia
49%
Südafrika
49%
Sudan
49%
Tansania
49%
Angola
48%
Türkei (Asien)
48%
Ägypten (Mittelmeer)
46%
Algerien
46%
Demokratische Republik Kongo
46%
Dschibuti
46%
Israel (Mittelmeer)
46%
Kamerun
46%
Libanon
46%
Libyen
46%
Marokko
46%
Senegal (Nord)
46%
Tunesien
46%
Mauretanien
45%
Syrien
45%
Togo
45%
Elfenbeinküste
44%
Ghana
44%
Nigeria
44%
Senegal (Süd)
44%
Albanien
43%
Äquatorial-Guinea
43%
Georgien
43%
Guinea-Bissau
43%
Liberia
43%
Montenegro
43%
Russland (Krim)
43%
Russland (Schwarzes Meer)
43%
Ukraine (Schwarzes Meer)
43%
Belgien
41%
Bosnien und Herzegowina
41%
Bulgarien
41%
Dänemark
41%
Deutschland (Nordsee)
41%
Deutschland (Ostsee)
41%
Frankreich
41%
Frankreich (Biskaya)
41%
Frankreich (Mittelmeer)
41%
Gabun
41%
Griechenland
41%
Guinea
41%
Italien
41%
Kroatien (Nord)
41%
Kroatien (Süd)
41%
Monaco
41%
Niederlande
41%
Portugal
41%
Slowenien
41%
Spanien (Biskaya)
41%
Spanien (Mittelmeer)
41%
Türkei (Europa)
41%
Ukraine (Asowsches Meer)
41%
Benin
40%
Gambia
40%
Polen
40%
Estland
39%
Lettland
39%
Litauen
39%
Republik Kongo
39%
Rumänien
39%
Russland (Europäische Arktis)
39%
Russland (Kaliningrad)
39%
Russland (Sankt Petersburg)
39%
Angola (Cabinda)
38%
Finnland
38%
Norwegen
38%
Schweden
38%
Sierra Leone
38%
Keine übereinstimmenden Quizze gefunden
Verteilung der Resultate
Anzahl Personen mit jedem Resultat
Perzentil nach korrekt beantworteten Fragen
Ihre Resultats-Entwicklung
Sie haben dieses Quiz noch nicht gespielt